| 000 | 01437cam a2200325 a 4500 | ||
|---|---|---|---|
| 001 | 739655 | ||
| 005 | 20041208183859.0 | ||
| 008 | 990224s1999 ja b 101 0 eng | ||
| 010 | _a 99006178 | ||
| 020 | _a9280810014 (pbk.) | ||
| 040 |
_aDLC _cDLC _dDLC |
||
| 042 | _apcc | ||
| 050 | 0 | 0 |
_aJZ5588 _b.I58 1999 |
| 082 | 0 | 0 |
_a341.523 _221 _bINT |
| 245 | 0 | 0 |
_aInternational security management and the United Nations / _cedited by Muthiah Alagappa and Takashi Inoguchi. |
| 260 |
_aTokyo ; _aNew York : _bUnited Nations University Press, _cc1999. |
||
| 300 |
_avii, 489 p. ; _c24 cm. |
||
| 440 | 4 |
_aThe United Nations system in the 21st century _911849 |
|
| 500 | _a"The papers in this volume were presented at a symposium hosted by the United Nations University in Tokyo on 8 and 9 November 1996"--P. 1. | ||
| 500 | _aIncludes Index. | ||
| 504 | _aIncludes bibliographical references. | ||
| 610 | 2 | 0 |
_aUnited Nations _vCongresses. _911850 |
| 650 | 0 |
_aSecurity, International _vCongresses. _911851 |
|
| 700 | 1 |
_aAlagappa, Muthiah. _911852 |
|
| 700 | 1 |
_aInoguchi, Takashi. _911853 |
|
| 710 | 1 |
_aUnited Nations University. _911854 |
|
| 942 |
_2ddc _cBB |
||
| 999 |
_c13495 _d13495 |
||